[Event "KP 2024/25,J. N. Bydzov-L. Belohrad"]
[Site "?"]
[Date "2025.03.23"]
[Round "10.5"]
[White "Mrazek, Vladimir"]
[Black "Dupenopulos, Karel"]
[Result "0-1"]
[WhiteElo "1815"]
[BlackElo "1862"]
[Annotator "user"]
[PlyCount "108"]
[EventDate "2025.??.??"]
[TimeControl "900+10"]

{600MB, Fritz10.ctg} 1. d4 Nf6 2. Nf3 g6 3. c4 Bg7 4. Nc3 d5 5. cxd5 Nxd5 6. e4
Nxc3 7. bxc3 c5 8. Be3 Nc6 9. h3 Qa5 10. Qd2 O-O 11. Rc1 cxd4 12. Nxd4 Rd8 13.
Nxc6 bxc6 14. Qc2 Be6 15. Be2 Bxa2 16. O-O Be6 17. Ra1 Qxc3 18. Qxc3 Bxc3 19.
Rxa7 Rxa7 20. Bxa7 Ra8 21. Bc5 Kf8 22. Rb1 Ra1 23. Rxa1 Bxa1 24. f4 Bb3 25. Kf2
Ke8 26. g4 e5 27. fxe5 Bxe5 28. Ke3 Kd7 29. Bf1 Ke6 30. Bg2 Bc4 31. Bf8 Bd6 32.
Bxd6 Kxd6 33. Kd4 Bb5 34. e5+ Ke6 35. h4 f6 36. exf6 Kxf6 37. Be4 h6 38. Bf3 g5
39. hxg5+ Kxg5 40. Ke5 c5 41. Kd5 c4 42. Kd4 Kf4 43. Bd1 Ba6 44. Kc3 Ke5 45.
Bf3 Kf4 46. Bd1 Ke3 47. Bc2 Kf4 48. Bd1 Bc8 49. Kxc4 Bxg4 50. Ba4 h5 51. Kd3
Kf3 52. Kd2 Kf2 53. Bc6 h4 54. Bd5 h3 0-1

[Event "KP 2024/25,J. N. Bydzov-L. Belohrad"]
[Site "?"]
[Date "2025.03.23"]
[Round "10.6"]
[White "Buchar, Petr"]
[Black "Bednar, Milos"]
[Result "0-1"]
[WhiteElo "1919"]
[BlackElo "1863"]
[PlyCount "116"]
[EventDate "2025.??.??"]
[TimeControl "900+10"]

{600MB, Fritz10.ctg} 1. f4 e5 2. fxe5 d6 3. exd6 Nf6 4. Nf3 Bxd6 5. d4 O-O 6.
Nc3 Bf5 7. g3 Nc6 8. a3 Ng4 9. Bg2 Nxh2 10. Nxh2 Bxg3+ 11. Kf1 Nxd4 12. e4 Be6
13. Nd5 f5 14. e5 Bxd5 15. Kg1 Bc4 16. Bf1 Bxf1 17. Nxf1 Bxe5 18. Qh5 h6 19.
Bxh6 gxh6 20. Qg6+ Bg7 21. Rxh6 Rf6 22. Qh7+ Kf7 23. Rh3 Qh8 24. Qxh8 Rxh8 25.
Rd3 Re8 26. Ng3 Ne2+ 27. Nxe2 Rxe2 28. Rd7+ Re7 29. Rdd1 f4 30. Kf2 Rfe6 31. c3
Re2+ 32. Kf3 Rxb2 33. Kxf4 Bxc3 34. Kg4 Be5 35. Rd8 Ke6 36. Re1 b6 37. Rg8 Kd7
38. Rd1+ Bd6 39. Ra8 a5 40. Rh8 Rb3 41. a4 Rb4+ 42. Kf5 Rxa4 43. Kg6 Rc4 44.
Rdh1 a4 45. Ra8 a3 46. Rd1 Rc3 47. Kf6 Rf3+ 48. Kg6 Kc6 49. Rc1+ Kb7 50. Ra4 b5
51. Rb1 b4 52. Ra5 Re2 53. Rb5+ Kc6 54. Rg5 b3 55. Rc1+ Kd7 56. Rd1 a2 57. Kh5
b2 58. Rg7+ Kc6 0-1

[Event "KP 2024/25,J. N. Bydzov-L. Belohrad"]
[Site "?"]
[Date "2025.03.23"]
[Round "10.7"]
[White "Vanicek, Lukas"]
[Black "Kykal, Zbynek"]
[Result "0-1"]
[WhiteElo "1815"]
[BlackElo "1807"]
[PlyCount "92"]
[EventDate "2025.??.??"]
[TimeControl "900+10"]

{600MB, Fritz10.ctg} 1. f4 d5 2. Nf3 Bf5 3. e3 e6 4. d4 Nf6 5. Bd3 Bg6 6. O-O
Be7 7. Ne5 O-O 8. Nd2 c5 9. dxc5 Bxc5 10. Nb3 Bb6 11. Nd4 Nbd7 12. Nxg6 hxg6
13. a4 a6 14. Nf3 Qc7 15. Ng5 Rfe8 16. Kh1 Rac8 17. Qe1 Nc5 18. Be2 Nce4 19. c3
Nxg5 20. fxg5 Ne4 21. Bd3 Nxg5 22. e4 Nxe4 23. Bxe4 dxe4 24. Qxe4 Qc6 25. Qg4
Red8 26. Bg5 Rd5 27. Rf3 Rf5 28. Rxf5 exf5 29. Qh3 Re8 30. Qd3 Re4 31. a5 Bc7
32. Rd1 Rg4 33. Qd2 Bxa5 34. h3 Re4 35. Bd8 Bxd8 36. Qxd8+ Kh7 37. Kh2 Qe6 38.
Qd3 b5 39. Rd2 b4 40. cxb4 Rxb4 41. Re2 Re4 42. Rf2 Qe5+ 43. Kg1 Re1+ 44. Rf1
a5 45. Rxe1 Qxe1+ 46. Kh2 Qe5+ 0-1

[Event "KP 2024/25,J. N. Bydzov-L. Belohrad"]
[Site "?"]
[Date "2025.03.23"]
[Round "10.8"]
[White "Jezek, Milan"]
[Black "Rozenek, Roman"]
[Result "1-0"]
[WhiteElo "1795"]
[BlackElo "1809"]
[PlyCount "141"]
[EventDate "2025.??.??"]
[TimeControl "900+10"]

{600MB, Fritz10.ctg} 1. c4 e5 2. g3 Nf6 3. Bg2 Bc5 4. e3 c6 5. Ne2 d6 6. O-O
O-O 7. Nbc3 Bg4 8. h3 Be6 9. b3 Qc8 10. Kh2 h5 11. Na4 Bb4 12. a3 Ba5 13. Bb2
h4 14. Rc1 hxg3+ 15. fxg3 Bc7 16. d4 Qe8 17. d5 Bd7 18. Nac3 Nh7 19. e4 f5 20.
exf5 Bxf5 21. Be4 Qg6 22. Qd3 Bxe4 23. Rxf8+ Kxf8 24. Rf1+ Ke7 25. Qxe4 Qh6 26.
Bc1 Ng5 27. Qf5 Qxh3+ 28. Qxh3 Nxh3 29. Kxh3 Nd7 30. Bg5+ Ke8 31. Be3 Nf6 32.
g4 Kd7 33. Kg3 Rh8 34. b4 b6 35. Bg5 Bd8 36. dxc6+ Kxc6 37. Bxf6 gxf6 38. Ne4
Rf8 39. N2c3 a6 40. Nd5 b5 41. Ndxf6 bxc4 42. g5 d5 43. Nc5 Rf7 44. Kg4 c3 45.
Kf5 a5 46. Kxe5 Re7+ 47. Kd4 axb4 48. axb4 c2 49. Rc1 Re2 50. Kd3 Rg2 51. Rxc2
Rxg5 52. Ne6+ Kb5 53. Nxg5 Bxf6 54. Ne6 Kxb4 55. Rc5 Be7 56. Rxd5 Bf6 57. Rc5
Be7 58. Rc8 Bf6 59. Rb8+ Ka4 60. Kc4 Ka3 61. Nc5 Be5 62. Rb7 Ka2 63. Nd3 Bf6
64. Nc1+ Ka3 65. Nb3 Kb2 66. Nd4+ Kc1 67. Kd3 Bh8 68. Rh7 Bf6 69. Rh2 Kb1 70.
Kc3 Ka1 71. Kb3 1-0

[Event "KP 2024/25,SK Jicin B-J. Horice"]
[Site "?"]
[Date "23.05.25"]
[Round "10.1"]
[White "Urban, Zdenek"]
[Black "Kulhanek, Jachym"]
[Result "1-0"]
[WhiteElo "2156"]
[BlackElo "1982"]
[PlyCount "59"]
[EventDate "23.??.??"]

{[%evp 0,40,19,31,14,-14,-11,-21,-26,-23,3,9,6,2,15,8,26,41,31,31,35,21,45,9,
45,-4,-4,36,28,19,19,19,14,15,24,29,29,40,64,38,44,36,55]} 1. d4 Nf6 2. c4 e6
3. g3 d5 4. Nf3 Bb4+ 5. Bd2 Be7 6. Nc3 O-O 7. Bg2 c5 8. cxd5 exd5 9. O-O Nc6
10. Bf4 b6 11. Ne5 Bb7 12. dxc5 Nxe5 13. Bxe5 Bxc5 $146 14. Rb1 Ne4 15. b4 Be7
16. Qd3 Nxc3 17. Bxc3 Qd6 18. Rfd1 Rad8 19. a4 Rd7 20. a5 bxa5 21. bxa5 Ba6 22.
Qxd5 Bxe2 23. Qxd6 Bxd6 24. Rd4 Rdd8 25. Rb2 Ba6 26. Rbd2 Be7 27. Rd7 Bf6 28.
Bxf6 Rxd7 29. Rxd7 gxf6 30. Bd5 1-0

[Event "KP 2024/25,SK Jicin B-J. Horice"]
[Site "?"]
[Date "23.03.25"]
[Round "10.2"]
[White "Stejskal, Michal"]
[Black "Sadek, Vojtech"]
[Result "1-0"]
[WhiteElo "1934"]
[BlackElo "1989"]
[PlyCount "53"]
[EventDate "23.??.??"]

1. e4 c5 2. Nf3 e6 3. Nc3 a6 4. d4 cxd4 5. Nxd4 Qc7 6. g3 b5 7. Bg2 Bb7 8. O-O
Nf6 9. Re1 d6 10. Nd5 exd5 11. exd5+ Kd8 12. Bg5 Nbd7 13. Nc6+ Bxc6 14. dxc6
Nb6 15. b3 Be7 16. Qd4 Re8 17. Rad1 d5 18. c4 h6 19. Bf4 Qxc6 20. cxd5 Nbxd5
21. Bxd5 Nxd5 22. Qxd5+ Qxd5 23. Rxd5+ Kc8 24. Rc1+ Kb7 25. Rd7+ Kb6 26. Bc7+
Kb7 27. Bd6+ 1-0

[Event "KP 2024/25,SK Jicin B-J. Horice"]
[Site "?"]
[Date "23.03.25"]
[Round "10.3"]
[White "Pochinkov, Andrey"]
[Black "Hrnciarik, Karel"]
[Result "1/2-1/2"]
[WhiteElo "2051"]
[BlackElo "1931"]
[PlyCount "119"]
[EventDate "23.??.??"]

1. Nf3 d5 2. d4 Bf5 3. e3 e6 4. c4 c6 5. Nc3 Nf6 6. Be2 Be7 7. O-O Nbd7 8. Ne5
Qc7 9. f4 Ne4 10. cxd5 exd5 11. Nxe4 Bxe4 12. Bd2 O-O 13. b4 Nxe5 14. dxe5 f6
15. Bc3 fxe5 16. fxe5 Rxf1+ 17. Bxf1 Qd7 18. Qe1 Qg4 19. h3 Qg6 20. Rd1 Rf8 21.
Kh2 Bd8 22. Qg3 Qe6 23. Be2 Bc7 24. Bg4 Bf5 25. Rf1 Bxg4 26. Rxf8+ Kxf8 27.
hxg4 b6 28. Qf4+ Kg8 29. Kg3 c5 30. bxc5 bxc5 31. Qf5 Qe8 32. Kf3 Bb6 33. e6 d4
34. exd4 cxd4 35. Bb4 h6 36. e7 Qf7 37. Ke4 Qxf5+ 38. gxf5 Kf7 39. Kd5 d3 40.
Kd6 Ke8 41. Bd2 Bd4 42. Kd5 Bb2 43. Kc4 Kxe7 44. Kxd3 Kf6 45. Ke4 h5 46. Ba5
Kg5 47. Bc7 Bf6 48. a4 a6 49. g3 Kg4 50. Bf4 Bc3 51. Bd6 Be1 52. Be5 Bxg3 53.
Bxg7 h4 54. f6 h3 55. f7 h2 56. f8=Q h1=Q+ 57. Kd4 Qd1+ 58. Kc5 Qxa4 59. Qc8+
Kf4 60. Qc6 1/2-1/2

[Event "KP 2024/25,SK Jicin B-J. Horice"]
[Site "?"]
[Date "23.03.25"]
[Round "10.4"]
[White "Matonoha, Ctirad"]
[Black "Zakoucka, Adela"]
[Result "1/2-1/2"]
[WhiteElo "1968"]
[BlackElo "1917"]
[PlyCount "28"]
[EventDate "23.??.??"]

1. e4 c5 2. Nc3 Nc6 3. g3 g6 4. Bg2 Bg7 5. d3 e6 6. Be3 Nd4 7. Qd2 Ne7 8. Nd1
d6 9. c3 Ndc6 10. Ne2 Ne5 11. O-O O-O 12. h3 Rb8 13. f4 N5c6 14. Nf2 f5 1/2-1/2

[Event "KP 2024/25,SK Jicin B-J. Horice"]
[Site "?"]
[Date "23.03.25"]
[Round "10.5"]
[White "Sajdl, Jan"]
[Black "Rusnak, Jan"]
[Result "1-0"]
[WhiteElo "1910"]
[BlackElo "1992"]
[PlyCount "103"]
[EventDate "23.??.??"]

1. d4 d6 2. Nf3 c6 3. e4 Qc7 4. Bf4 Bg4 5. Nbd2 Nd7 6. h3 Bxf3 7. Nxf3 e5 8.
Bh2 Ngf6 9. Bd3 Qb6 10. dxe5 dxe5 11. O-O Qc7 12. Qd2 O-O-O 13. b4 g5 14. Qc3
Bd6 15. Nxg5 Rdf8 16. Qb3 Nb6 17. c4 c5 18. b5 Rhg8 19. Nf3 Qd7 20. Kh1 Qe6 21.
Rfe1 Nh5 22. Bf1 Nd7 23. Nh4 Ng7 24. Rad1 Be7 25. Nf3 f6 26. Rd2 Rd8 27. Red1
f5 28. exf5 Nxf5 29. Re1 Bf6 30. Rde2 Nd6 31. Nxe5 Nxe5 32. Bxe5 Qf7 33. Bxf6
Qxf6 34. Qa3 Kb8 35. Qxc5 Rc8 36. Qe5 Qxe5 37. Rxe5 Nxc4 38. Bxc4 Rxc4 39. g3
Rb4 40. Kg2 Rd8 41. R1e2 Rd1 42. Re8+ Kc7 43. R8e7+ Rd7 44. Rc2+ Kd6 45. Rxd7+
Kxd7 46. Rc5 Ra4 47. Rh5 Kc7 48. Rxh7+ Kb6 49. g4 Rxa2 50. g5 Ra5 51. g6 Rxb5
52. Rh4 1-0

[Event "KP 2024/25,SK Jicin B-J. Horice"]
[Site "?"]
[Date "23.03.25"]
[Round "10.6"]
[White "Sedivy, Ales"]
[Black "Rydl, Jan"]
[Result "1/2-1/2"]
[WhiteElo "1939"]
[BlackElo "1842"]
[PlyCount "27"]
[EventDate "23.??.??"]

1. e4 e5 2. Bc4 Nf6 3. Nf3 Nxe4 4. Qe2 d5 5. Nxe5 Be6 6. O-O Bc5 7. Bd3 Qf6 8.
Bxe4 Qxe5 9. Bf3 Qxe2 10. Bxe2 Nd7 11. Nc3 O-O-O 12. d3 Ne5 13. Na4 Bd6 14. d4
1/2-1/2

[Event "KP 2024/25,SK Jicin B-J. Horice"]
[Site "?"]
[Date "23.03.25"]
[Round "10.7"]
[White "Fojt, Petr"]
[Black "Kohout, Jan"]
[Result "1-0"]
[WhiteElo "2024"]
[BlackElo "1888"]
[PlyCount "57"]
[EventDate "23.??.??"]

1. e4 e6 2. d4 d5 3. Nd2 Nf6 4. e5 Nfd7 5. Bd3 c5 6. c3 Nc6 7. Ne2 f5 8. Nf3
Be7 9. Nf4 Nb6 10. h4 O-O 11. Ng5 Bxg5 12. hxg5 Qe8 13. Qf3 g6 14. Rh6 cxd4 15.
Nxg6 Rf7 16. Qh5 Rg7 17. cxd4 Nd7 18. Nf4 Qxh5 19. Nxh5 Rg6 20. Be3 Rxh6 21.
gxh6 Kf7 22. g4 Ne7 23. Rc1 Nf8 24. Nf6 Bd7 25. Rc7 Bc6 26. gxf5 Rc8 27. fxe6+
Kxe6 28. Rxc8 Nxc8 29. Nxh7 1-0

[Event "KP 2024/25,SK Jicin B-J. Horice"]
[Site "?"]
[Date "23.03.25"]
[Round "10.8"]
[White "Kapras, Lukas"]
[Black "Kordik, Jan"]
[Result "1/2-1/2"]
[WhiteElo "1826"]
[BlackElo "1719"]
[PlyCount "89"]
[EventDate "23.??.??"]

1. e4 c6 2. d4 d5 3. e5 c5 {B12 Caro-Kann Defense: Advance Variation,
Botvinnik-Carls Defense} 4. Nf3 cxd4 5. Nxd4 Nc6 6. Bb5 Qc7 7. O-O e6 8. Qd3
Bd7 9. Bxc6 Bxc6 10. Nxc6 bxc6 11. f4 Bc5+ 12. Be3 Bxe3+ 13. Qxe3 Qb6 14. Qxb6
axb6 15. Nd2 Ne7 16. Nf3 Nf5 17. Kf2 h5 18. c3 c5 19. b3 Ke7 20. a4 Rhd8 21.
Rfd1 Rd7 22. Rd2 Rda7 23. Rda2 f6 24. h3 h4 25. Nd2 Ng3 26. Kf3 fxe5 27. fxe5
Rf8+ 28. Ke3 Rf5 29. Nf3 g5 30. Kd3 Ne4 31. b4 cxb4 32. cxb4 Rc7 33. Rc2 Rxc2
34. Kxc2 Rf8 35. Rc1 Ra8 36. Kb3 Kd7 37. Rc2 Ra7 38. Nd4 Rb7 39. Nb5 Ke7 40.
Rc6 Nd2+ 41. Kc2 Nc4 42. Nd6 Nxd6 43. Rxd6 Rc7+ 44. Kb3 Rb7 45. Rc6 1/2-1/2